Indian Journal of Rheumatology: (Record no. 207011)

MARC details
000 -LEADER
fixed length control field 00382nam a2200109 4500
008 - FIXED-LENGTH DATA ELEMENTS--GENERAL INFORMATION
fixed length control field 241122b |||||||| |||| 00| 0 eng d
022 ## - INTERNATIONAL STANDARD SERIAL NUMBER
International Standard Serial Number 0973-3698
245 ## - TITLE STATEMENT
Title Indian Journal of Rheumatology:
Remainder of title official publication of indian rheumatology association
Statement of responsibility, etc edited by Aman Sharma
260 ## - PUBLICATION, DISTRIBUTION, ETC. (IMPRINT)
Place of publication, distribution, etc New Delhi
Name of publisher, distributor, etc Sage publications
Date of publication, distribution, etc 2024
300 ## - PHYSICAL DESCRIPTION
Extent volume 19, issue 3
942 ## - ADDED ENTRY ELEMENTS (KOHA)
Source of classification or shelving scheme Dewey Decimal Classification
Item type Periodicals
Call number suffix RHE
Serial record 1
Holdings
Withdrawn status Lost status Source of classification or shelving scheme Damaged status Not for loan Collection code Home library Current library Shelving location Date acquired Source of acquisition Cost, normal purchase price Total Checkouts Full call number Date last seen Price effective from Koha item type
    Dewey Decimal Classification   Not For Loan Non-fiction D.B.Act.Division D.B.Act.Division On Display 22/11/2024 DBAD 3600.00   RHE 22/11/2024 22/11/2024 Periodicals

© Delhi Public Library
Hit Counter
free hit counter